<?xml version="1.0" encoding="UTF-8"?>
<record
    xmlns:xsi="http://www.w3.org/2001/XMLSchema-instance"
    xsi:schemaLocation="http://www.loc.gov/MARC21/slim http://www.loc.gov/standards/marcxml/schema/MARC21slim.xsd"
    xmlns="http://www.loc.gov/MARC21/slim">

  <leader>01373nam a2200229 a 4500</leader>
  <controlfield tag="001">000046129</controlfield>
  <controlfield tag="005">20240412074305.0</controlfield>
  <controlfield tag="008">150624s2009    dr            000 j spa d</controlfield>
  <datafield tag="020" ind1=" " ind2=" ">
    <subfield code="a">9993497460</subfield>
  </datafield>
  <datafield tag="040" ind1=" " ind2=" ">
    <subfield code="a">DO-SdBNP</subfield>
    <subfield code="b">spa</subfield>
    <subfield code="c">BNPHU</subfield>
  </datafield>
  <datafield tag="082" ind1=" " ind2=" ">
    <subfield code="a">RD863.44</subfield>
    <subfield code="b">Z35a, 2009</subfield>
  </datafield>
  <datafield tag="100" ind1="1" ind2=" ">
    <subfield code="a">Zapata, C&#xE9;sar Augusto,</subfield>
    <subfield code="d">1959 -</subfield>
    <subfield code="9">72848</subfield>
  </datafield>
  <datafield tag="245" ind1="1" ind2="0">
    <subfield code="a">Asombros de sombras :</subfield>
    <subfield code="b">falsos rostros /</subfield>
    <subfield code="c">C&#xE9;sar Augusto Zapata.</subfield>
  </datafield>
  <datafield tag="250" ind1=" " ind2=" ">
    <subfield code="a">2a. ed.</subfield>
  </datafield>
  <datafield tag="260" ind1=" " ind2=" ">
    <subfield code="a">Santo Domingo :</subfield>
    <subfield code="b">Manat&#xED;,</subfield>
    <subfield code="c">2009.</subfield>
  </datafield>
  <datafield tag="300" ind1=" " ind2=" ">
    <subfield code="a">144 p. ;</subfield>
    <subfield code="c">21 cm.</subfield>
  </datafield>
  <datafield tag="500" ind1=" " ind2=" ">
    <subfield code="a">Incluye datos biogr&#xE1;ficos del autor en la contracubierta.</subfield>
  </datafield>
  <datafield tag="505" ind1="0" ind2=" ">
    <subfield code="a">Asombros de sombras : falsos rostros --</subfield>
    <subfield code="t">A summer afternoon dream --</subfield>
    <subfield code="t">Carta de amor para un final --</subfield>
    <subfield code="t">De este lado del sue&#xF1;o --</subfield>
    <subfield code="t">Defecto menor --</subfield>
    <subfield code="t">El &#xFA;ltimo sue&#xF1;o --</subfield>
    <subfield code="t">El delito del cuerpo --</subfield>
    <subfield code="t">Voy de regreso a m&#xED; --</subfield>
    <subfield code="t">Mon&#xF3;logo al crep&#xFA;sculo --</subfield>
    <subfield code="t">Espacios para no ver --</subfield>
    <subfield code="t">Estudios sobre el placer femenino --</subfield>
    <subfield code="t">Juego de fantasma --</subfield>
    <subfield code="t">Recuerdos de alquiler --</subfield>
    <subfield code="t">(N)hada en el espejo --</subfield>
    <subfield code="t">La tarde que Woody conoci&#xF3; a Hanna --</subfield>
    <subfield code="t">Manual para el goce en el imperio de los sentidos --</subfield>
    <subfield code="t">Metamorfosis parcial de los Landolfi --</subfield>
    <subfield code="t">Ultimo poema a la amargura --</subfield>
    <subfield code="t">Te espero all&#xE1;, donde t&#xFA; sabes --</subfield>
    <subfield code="t">Una mariposa gris reposa en la pared --</subfield>
    <subfield code="t">Viaje a lo finito.</subfield>
  </datafield>
  <datafield tag="650" ind1=" " ind2="0">
    <subfield code="a">Cuentos dominicanos</subfield>
    <subfield code="9">176</subfield>
  </datafield>
  <datafield tag="650" ind1=" " ind2="0">
    <subfield code="a">Literatura dominicana.</subfield>
    <subfield code="9">67</subfield>
  </datafield>
  <datafield tag="910" ind1=" " ind2=" ">
    <subfield code="a">Validado. Control de calidad MFF</subfield>
  </datafield>
  <datafield tag="952" ind1=" " ind2=" ">
    <subfield code="0">0</subfield>
    <subfield code="1">0</subfield>
    <subfield code="7">1</subfield>
    <subfield code="8">PD</subfield>
    <subfield code="a">PD</subfield>
    <subfield code="b">PD</subfield>
    <subfield code="c">HD</subfield>
    <subfield code="d">2015-06-24</subfield>
    <subfield code="i">LF1</subfield>
    <subfield code="l">0</subfield>
    <subfield code="o">RD863.44 Z35a, 2009</subfield>
    <subfield code="p">46129-10</subfield>
    <subfield code="r">2020-06-25</subfield>
    <subfield code="w">2020-06-25</subfield>
    <subfield code="y">LFPD</subfield>
    <subfield code="z">Perteneci&#xF3; a la biblioteca personal Chiqui Vicioso / Fidelio D.</subfield>
    <subfield code="Z">No se presta</subfield>
  </datafield>
  <datafield tag="999" ind1=" " ind2=" ">
    <subfield code="c">45618</subfield>
    <subfield code="d">45618</subfield>
  </datafield>
</record>
